logo

Bir Sreshtho Munshi Abdur Rouf Library
Jhenaidah Cadet College

বাংলাদেশের মিঠাপানির অমেরুদণ্ডী প্রাণী / (Record no. 7551)

MARC details
000 -LEADER
fixed length control field 00780nam a22002297a 4500
001 - CONTROL NUMBER
JCCL Control Number 7551
003 - CONTROL NUMBER IDENTIFIER
JCCL marc code BD-JhCC
005 - DATE AND TIME OF LATEST TRANSACTION
control field 20180304105337.0
008 - FIXED-LENGTH DATA ELEMENTS--GENERAL INFORMATION
fixed length control field 180211b1992 bg ||||| |||| 00| 0 ben d
035 ## - SYSTEM CONTROL NUMBER
system control number (BD-JhCC)7551
040 ## - CATALOGING SOURCE
Original cataloging agency BD-JhCC
Modifying agency BD-JhCC
041 ## - LANGUAGE CODE
Language code of Book ben
082 ## - DEWEY DECIMAL CLASSIFICATION NUMBER
Classification number 592
Author mark and Year SHA 1992
100 ## - MAIN ENTRY--PERSONAL NAME
Personal name আলী, শাহাদত
245 ## - TITLE STATEMENT
Title বাংলাদেশের মিঠাপানির অমেরুদণ্ডী প্রাণী /
Statement of responsibility, etc শাহাদত আলী এবং তপন চক্রবর্তী
260 ## - PUBLICATION, DISTRIBUTION, ETC. (IMPRINT)
Place of publication, distribution, etc ঢাকা :
Name of publisher, distributor, etc বাংলা একাডেমী
Date of publication, distribution, etc 1992
300 ## - PHYSICAL DESCRIPTION
Pagination 242 p. :
Dimensions 22 cm
650 ## - SUBJECT ADDED ENTRY--TOPICAL TERM
Topical term or geographic name as entry element Invertebrates
700 ## - ADDED ENTRY--PERSONAL NAME
Personal name চক্রবর্তী, তপন
942 ## - ADDED ENTRY ELEMENTS (KOHA)
Source of classification or shelving scheme Dewey Decimal Classification
Koha item type Books
Holdings
Source of classification or shelving scheme Damaged status Not for loan Home library Current library Shelving location Date of accession Cost, normal purchase price Total Checkouts Full call number Barcode Date last seen Copy number Koha item type
Dewey Decimal Classification     JCC Rouf Library JCC Rouf Library General Stacks 02/11/2018 130.00   592 SHA 1992 10162 02/11/2018 C - 1 Books

JCC Library | Contacts | JCC Home

Last Update on 23 September 2017
Copyright @ 2017-2020 JCC Rouf Library
Rouf Library, Jhenidah Cadet College (JCC), Bangladesh